| 000 | 00602nam a2200181Ia 4500 | ||
|---|---|---|---|
| 001 | 10185 | ||
| 005 | 20260306161813.0 | ||
| 008 | 260306t1952||||xx |||||||||||||| ||spa|| | ||
| 041 | _aESP | ||
| 082 |
_a907.2 _bS23 V. 2 |
||
| 100 |
_aSánchez Alonso, B. _eAUT |
||
| 245 | 0 |
_aFuentes de la historia española e hispanoamericana: _bensayo de bibliografía sistemática de impresos y manuscritos que ilustran la historia política de España y sus antiguas provincias de ultramar |
|
| 260 | _c1952 | ||
| 300 |
_a508 páginas : _c20 cm. |
||
| 650 | _aGEN | ||
| 654 | _aCHU | ||
| 942 |
_cLIB _dJUS _fJUS _2ddc _n |
||
| 999 |
_c10185 _d10185 |
||